00345nam a2200121Ia 4500003000400000008004100004040001600045082001700061245008500078260004400163300001100207490000500218GCL140319s9999 xx 000 0 ara d aGCL / cGCL04a229.5bا ا10aابراهيم عليه السلام ودعوته فى القران الكريم a[S.N] : bدار المنار ، c1986 a232 ص a